| Поле | Инд. | ПП | Название | Значение |
|---|---|---|---|---|
| Тип записи | a | |||
| Библиографический уровень | m | |||
| 001 | Контрольный номер | RU/LIBMSTU/281005518 | ||
| 005 | Дата корректировки | 20160419110921.1 | ||
| 020 | 00 | a | ISBN | 5-06-003210-8 |
| c | Цена, тираж | 34-50 | ||
| 020 | 00 | c | Цена, тираж | 35-00 |
| 084 | a | Индекс другой классификации/Индекс ББК | 63.3(2)52 | |
| 090 | x | Авторский знак | Т 70 | |
| a | Полочн. индекс | 63.3(2)5 | ||
| 100 | 10 | a | Автор | Троицкий Н. А. |
| 245 | 00 | a | Заглавие | Россия в ХIХ веке. Курс лекций |
| b | Продолж. заглавия | Учеб. пособие по специальности "История" | ||
| 260 | 00 | a | Место издания | Москва |
| b | Издательство | Высш. шк. | ||
| c | Дата издания | 1999 | ||
| c | Дата издания | 1997 | ||
| 300 | 00 | a | Объем | 431 с. |
| 600 | 14 | a | Персоналии | Александр I, Российский император (1801-1825) |
| a | Персоналии | Николай I, Российский император (1825 -1855) | ||
| 650 | _4 | a | Основная рубрика | Россия-История, 19 в.-Учебные издания для высших учебных заведений |
| 653 | 00 | a | Ключевые слова | История России 19 в. |
| 653 | 00 | a | Ключевые слова | Отечественная война 1812 г. |
| 653 | 00 | a | Ключевые слова | Декабристы |
| 653 | 00 | a | Ключевые слова | Крымская война 1853-1856 гг. |
| 653 | 00 | a | Ключевые слова | Реформы |
| 653 | 00 | a | Ключевые слова | Контрреформы |
| 952 | c | Вид литературы | учебное пособие | |
| 990 | 00 | f | Даты поступлений (DOS) | 03.00 |
| f | Даты поступлений (DOS) | 08.99 |